L'Ologénèse (Record no. 132765)

MARC details
000 -LEADER
campo de control de longitud fija 00735nam a2200193 4500
001 - NÚMERO DE CONTROL
campo de control 132765
003 - IDENTIFICADOR DE NÚMERO DE CONTROL
campo de control ES-MaACL
005 - FECHA Y HORA DE LA ÚLTIMA TRANSACCIÓN
campo de control 20230906194238.0
007 - CAMPO FIJO DE DESCRIPCIÓN FÍSICA--INFORMACIÓN GENERAL
campo de control de longitud fija t|
008 - DATOS DE LONGITUD FIJA--INFORMACIÓN GENERAL
campo de control de longitud fija 070214s1931 fr r ||||1| fre d
100 1# - ENTRADA PRINCIPAL--NOMBRE DE PERSONA
Nombre de persona Rosa, Daniel.
9 (RLIN) 99600
245 12 - MENCIÓN DEL TÍTULO
Título L'Ologénèse
Resto del título : nouvelle théorie de l'évolution et de la distribution géographique des êtres vivants / Daniel Rosa ; adapté de l'italien par l'auteur /
Mención de responsabilidad, etc. Daniel Rosa ; adapté de l'italien par l'auteur.
260 ## - PUBLICACIÓN, DISTRIBUCIÓN, ETC.
Lugar de publicación, distribución, etc. Paris :
Nombre del editor, distribuidor, etc. Libraire Félix Alcan,
Fecha de publicación, distribución, etc. 1931.
300 ## - DESCRIPCIÓN FÍSICA
Extensión 368 p. ;
Dimensiones 23 x 14 cm.
490 1# - MENCIÓN DE SERIE
Mención de serie Bibliotheque de Philosophie Contemporaine
830 0# - PUNTO DE ACCESO ADICIONAL DE SERIE-TÍTULO UNIFORME
Título uniforme Bibliotheque de Philosophie Contemporaine
9 (RLIN) 181027
852 ## - LOCALIZACIÓN
Ubicación ES-MaACL
Número de control de estantería A-722
Holdings
Estatus retirado Estado de pérdida Estado de daño No para préstamo Biblioteca de origen Biblioteca actual Ubicación en estantería Fecha de adquisición Fuente de adquisición Total de préstamos Signatura topográfica completa Código de barras Visto por última vez Precio de reemplazo Tipo de ítem Koha
        Biblioteca del Ateneo de Madrid Biblioteca del Ateneo de Madrid Sala Pecera Planta 1 17/01/2008     A-722 1138219 23/02/2023 23/02/2023 Libro impreso